Normal view
MARC view
- Gottschalk, Hans Walter
Entry Personal Name
001 - CONTROL NUMBER
- control field: 153623
003 - CONTROL NUMBER IDENTIFIER
- control field: TR-AnTOB
005 - DATE AND TIME OF LATEST TRANSACTION
- control field: 20260413172637.0
008 - FIXED-LENGTH DATA ELEMENTS
- fixed length control field: 260413n|eazannaab| |n aaa d
040 ## - CATALOGING SOURCE
- Original cataloging agency: TR-AnTOB
100 1# - HEADING--PERSONAL NAME
- Personal name: Gottschalk, Hans Walter



